Curso de direito constitucional tributário / (Record no. 613)

MARC details
000 -LÍDER
Campo Fixo de Controle 00810nam a2200253 a 4500
001 - NÚMERO DE CONTROLE
Campo de Controle 613
003 - IDENTIFICAÇÃO DO NÚMERO DE CONTROLE
Campo de Controle BR-CuiBMT
005 - DATA E HORA DA ÚLTIMA ATUALIZAÇÃO
Campo de Controle 20231127042254.0
008 - DADOS FIXOS
Dados Fixos 231110s2008 spb 001 0 por d
020 ## - INTERNATIONAL STANDARD BOOK NUMBER
Nº do ISBN 9788574208787
040 ## - AGÊNCIA CATALOGADORA
Código da Agência Catalogadora BR-CuiBMT
Agência que transcreveu o registro BR-CuiBMT
080 ## - Nº DA CLASSIFICAÇÃO DECIMAL UNIVERSAL
Nº edição CDU 2007
Nº Class. CDU 342:336.2
090 ## - NÚMERO DE CHAMADA
Nº classificação 342:336.2
Cutter C313c
Ano/Edição 24. ed.
100 1# - ENTRADA PRINCIPAL -- AUTOR PESSOAL
Nome pessoal Carrazza, Roque Antonio
245 10 - TÍTULO PRINCIPAL
Título principal Curso de direito constitucional tributário /
Indicação de responsabilidade Roque Antonio Carrazza.
250 ## - EDIÇÃO
Edição 24. ed., rev., ampl. e atual.
260 ## - PUBLICAÇÃO, DISTRIBUIÇÃO, ETC.
Local de publicação São Paulo :
Editora Malheiros,
Data 2008.
300 ## - DESCRIÇÃO FÍSICA
N. páginas ou volumes 1080 p. ;
Dimensões 21 cm
500 ## - NOTAS GERAIS
Notas gerais Edição revista, ampliada e atualizada até a Emenda Constitucional n. 56/2007.
504 ## - NOTA DE BIBLIOGRAFIA, ETC.
Nota de bibliografia Inclui bibliografia e índice.
650 ## - ASSUNTO TÓPICO
Cabeçalho tópico ou nome geográfico Direito constitucional
650 ## - ASSUNTO TÓPICO
Cabeçalho tópico ou nome geográfico Direito tributário
942 ## - ELEMENTOS DE ENTRADA ADICIONAIS (KOHA)
Fonte de classificação ou esquema de arquivamento Classificação Decimal Universal
Tipo de item do Koha Livros
Holdings
Estado: removido Estado: perdido Fonte de classificação ou esquema de arquivamento Estado: danificado Indisponível para empréstimo Localização permanente Localização atual Data de aquisição Total Checkouts Número de Chamada completo Código de barras Date last seen Número do exemplar Preço efetivo a partir de Tipo de item (Koha)
    Classificação Decimal Universal     Biblioteca da Escola Superior de Contas do TCE/MT Biblioteca da Escola Superior de Contas do TCE/MT 23/09/2008   342:336.2 C313c 24. ed. BIBTCEMT23110433 10/11/2023 Ex. 1 10/11/2023 Livros
    Classificação Decimal Universal     Biblioteca da Escola Superior de Contas do TCE/MT Biblioteca da Escola Superior de Contas do TCE/MT 22/11/2023   342:336.2 C313c 24. ed. BIBTCEMT23110845 22/11/2023 Ex. 2 22/11/2023 Livros

Powered by Koha